| Tag |
First Indicator |
Second Indicator |
Subfields |
| LEADER |
00000cam a2200000 a 4500 |
| 001 |
in00001404400 |
| 007 |
he bmb024bbca |
| 008 |
970813s1996 dcub bb f000 0 eng c |
| 005 |
20230331145511.9 |
| 035 |
|
|
|a (OCoLC)ocm37461144
|
| 035 |
|
|
|9 AHM3260AM
|
| 035 |
|
|
|a in00001404400
|
| 037 |
|
|
|a 156173
|b GAO (202) 512-6000 (Voice); (202) 512-6061 (Fax); (202) 512-2537 (TDD)
|f paper copy
|
| 040 |
|
|
|a GPO
|c GPO
|d MvI
|d UtOrBLW
|
| 042 |
|
|
|a pcc
|
| 043 |
|
|
|a n-us---
|
| 049 |
|
|
|a UMIC
|
| 049 |
|
|
|a WWW
|
| 074 |
|
|
|a 0546-D (MF)
|
| 074 |
|
|
|a 0546-D (online)
|
| 086 |
0 |
|
|a GA 1.13:NSIAD-96-29
|
| 088 |
|
|
|a GAO/NSIAD-96-29
|
| 088 |
|
|
|a B-262045
|
| 110 |
1 |
|
|a United States.
|b General Accounting Office.
|
| 245 |
1 |
0 |
|a Closing maintenance depots :
|b savings, workload, and redistribution issues : report to congressional requesters /
|c United States General Accounting Office.
|
| 246 |
3 |
0 |
|a Savings, workload, and redistribution issues
|
| 264 |
|
1 |
|a Washington, D.C. (P.O. Box 37050, Washington 20013) :
|b The Office,
|c [1996]
|
| 300 |
|
|
|a 68 pages :
|b map ;
|c 28 cm.
|
| 336 |
|
|
|a text
|b txt
|2 rdacontent
|
| 337 |
|
|
|a microform
|b h
|2 rdamedia
|
| 338 |
|
|
|a microfiche
|b he
|2 rdacarrier
|
| 500 |
|
|
|a Cover title.
|
| 500 |
|
|
|a Shipping list number: 97-0684-M.
|
| 500 |
|
|
|a "March 1996."
|
| 500 |
|
|
|a Distributed to depository libraries in microfiche.
|
| 504 |
|
|
|a Includes bibliographical references.
|
| 500 |
|
|
|a "GAO/NSIAD-96-29."
|
| 500 |
|
|
|a "B-262045"--P. [1].
|
| 533 |
|
|
|a Microfiche.
|b [Washington, D.C.] :
|c U.S. General Accounting Office,
|d [1997?]
|e 1 microfiche : negative.
|
| 530 |
|
|
|a Also available via Internet from the GPO Access web site. Address as of 12/4/02: http://frwebgate.access.gpo.gov/cgi-bin/getdoc.cgi?dbname=gao&docid=f:ns96029.pdf; current access is available via PURL.
|
| 500 |
|
|
|a Microform.
|
| 651 |
|
0 |
|a United States
|x Armed Forces
|x Equipment
|x Maintenance and repair.
|
| 650 |
|
0 |
|a Military base closures
|z United States.
|
| 651 |
|
0 |
|a United States
|x Armed Forces
|x Reorganization.
|
| 856 |
4 |
1 |
|u https://purl.fdlp.gov/GPO/LPS24479
|z Adobe Acrobat Reader required
|t 0
|
| 999 |
|
|
|a MARS
|
| 999 |
f |
f |
|i 34c9e67b-0562-302a-8ea1-c0a9a2ce735f
|s b5cdb756-d80c-36bd-b886-62aab0a4c3aa
|t 0
|
| 952 |
f |
f |
|p normal
|a Texas A&M University
|b College Station
|c Sterling C. Evans Library
|d Evans: US Documents Microfiche (3rd floor)
|t 0
|e GA 1.13:NSIAD-96-29
|h Superintendent of Documents classification
|i microform -- microfiche
|m A14830143631
|
| 952 |
f |
f |
|a Texas A&M University
|b College Station
|c Electronic Resources
|d Available Online
|t 0
|e GA 1.13:NSIAD-96-29
|h Superintendent of Documents classification
|
| 998 |
f |
f |
|a GA 1.13:NSIAD-96-29
|t 0
|l Evans: US Documents Microfiche (3rd floor)
|
| 998 |
f |
f |
|a GA 1.13:NSIAD-96-29
|t 0
|l Available Online
|